00268nam a22000737a 4500100003400000245009200034260002700126700004100153 aRejesh Kumar Lohanoa15MSSE10 aComparison of cloud based document editing tools (Google Docs Office 365 and Zoho Docs) aNawabshahbQUESTc2018 aDepartment of Information Technology